| 000 | 03746nam a2200481 i 4500 | ||
|---|---|---|---|
| 001 | xb21063618 | ||
| 006 | m d | ||
| 007 | cr n | ||
| 008 | 141121t20132013enka sb 001 0 eng d | ||
| 020 |
_a9781909254022 _q(pdf) |
||
| 020 |
_a9781909254039 _q(epub) |
||
| 020 |
_a9781909254046 _q(mobi) |
||
| 020 | _z9781909254008 (Paperback) | ||
| 020 | _z9781909254015 (Hardback) | ||
| 035 | _a(OCoLC)878145077 | ||
| 040 |
_aStSaUL _beng _erda |
||
| 041 | 1 |
_aeng _hita |
|
| 100 | 1 |
_aRoncaglia, Sara, _eauthor. |
|
| 240 | 1 | 0 |
_aNutrire la città. _lEnglish |
| 245 | 1 | 0 |
_aFeeding the city _h[electronic resource] : _bwork and food culture of the Mumbai Dabbawalas / _cSara Roncaglia ; translated from the Italian by Angela Arnone. |
| 264 | 1 | _bOpen Book Publishers, | |
| 300 |
_a1 online resource (234 pages) : _billustrations. |
||
| 500 | _aAvailable through Open Book Publishers. | ||
| 500 |
_iPrint version: _aOriginally published in Italian as: Nutrire la città : i dabbawala di Mumbai nella diversità delle culture alimentari urbane. Milan, Italy : B. Mondadori, 2010. |
||
| 504 | _aIncludes bibliography (pages 205-208) and index. | ||
| 505 | 0 | _aAcknowledgements -- Preface -- Introduction -- 1. Bombay-Mumbai and the Dabbawalas: Origin and Development of a Parallel Economy -- 2. Dabbawala Ethics in Transition 3. Nutan Mumbai Tiffin Box Suppliers Charity Trust: The Shaping of Dabbawala Relations -- Conclusions: Tastes and Cultures -- Appendix: Theory and Practice for an Ethnography of Diversities -- Glossary -- Select Bibliography -- Index. | |
| 506 | _aOpen access resource providing free access. | ||
| 520 | _a"Every day in Mumbai 5,000 dabbawalas (literally translated as "those who carry boxes") distribute a staggering 200,000 home-cooked lunchboxes to the city's workers and students. Giving employment and status to thousands of largely illiterate villagers from Mumbai's hinterland, this co-operative has been in operation since the late nineteenth century. It provides one of the most efficient delivery networks in the world: only one lunch in six million goes astray. Feeding the City is an ethnographic study of the fascinating inner workings of Mumbai's dabbawalas. Cultural anthropologist Sara Roncaglia explains how they cater to the various dietary requirements of a diverse and increasingly global city, where the preparation and consumption of food is pervaded with religious and cultural significance. Developing the idea of "gastrosemantics" - a language with which to discuss the broader implications of cooking and eating - Roncaglia's study helps us to rethink our relationship to food at a local and global level. The publication of this book is financed by the generous support of interested readers and organisations, who made donations using the crowd-funding website Unglue.it."--Publisher's website. | ||
| 538 | _aMode of access: World Wide Web. | ||
| 540 | _aThis book is licensed under a Creative Commons Attribution-NoDerivs 3.0 Unported Licence. For more detailed information consult the publisher's website. | ||
| 610 | 2 | 0 | _aNutan Mumbay Tiffin box suppliers trust. |
| 650 | 0 |
_aFood _xSocial aspects _zIndia _zMumbai. |
|
| 650 | 0 |
_aNutritional anthropology _zIndia _zMumbai. |
|
| 651 | 0 |
_aMumbai (India) _xSocial conditions. |
|
| 700 | 1 |
_aArnone, Angela, _etranslator. |
|
| 710 | 2 |
_aOpen Book Publishers, _epublisher. |
|
| 856 | 4 | 0 |
_uhttp://doi.org/10.11647/OBP.0031 _zConnect to e-book |
| 856 | 4 | 2 |
_uhttp://www.openbookpublishers.com/shopimages/products/cover/87 _zConnect to cover image |
| 999 |
_c29123 _d29123 |
||